Portuguese Brazil : the king's plantation /

Saved in:
Bibliographic Details
Main Author: Lang, James, 1944-
Format: Book
Language:English
Published: New York : Academic Press, c1979.
Series:Studies in social discontinuity
Subjects:
LEADER 01144nam a2200313 i 4500
001 c000334608
003 CARM
005 00000000000000.0
008 790829s1979 nyub b 00110 eng
019 1 |a 1509791  |5 LACONCORD2021 
020 |a 0124364802 
035 |a (OCoLC)5411401  |5 LACONCORD2021 
043 |a e-po---  |a s------  |a s-bl--- 
050 0 0 |a HC187  |b .L3355 
100 1 |a Lang, James,  |d 1944- 
245 1 0 |a Portuguese Brazil :  |b the king's plantation /  |c James Lang. 
260 |a New York :  |b Academic Press,  |c c1979. 
300 |a xiv, 266 p. :  |b maps ;  |c 24 cm. 
490 0 |a Studies in social discontinuity 
500 |a Includes index. 
504 |a Bibliography: p. 233-255. 
651 0 |a Brazil  |x Economic conditions. 
651 0 |a Brazil  |x Commerce  |x History. 
651 0 |a Brazil  |x Politics and government. 
651 0 |a Portugal  |x Colonies  |z America  |x Administration. 
852 8 |b CARM  |h A1:AP35C0  |i C09442  |p 0357557  |f BK 
082 0 4 |a 380.1/0981 
999 f f |i c3e7f1ee-cd17-5bd9-8301-51ffe1af4857  |s bb2b7e06-8427-51c7-b866-4139cad928b3 
952 f f |p Can circulate  |a CAVAL  |b CAVAL  |c CAVAL  |d CARM 1 Store  |e C09442  |f A1:AP35C0  |h Other scheme  |i book  |m 0357557